| Tag |
First Indicator |
Second Indicator |
Subfields |
| LEADER |
00000cam a22000001a 4500 |
| 001 |
in00003188621 |
| 006 |
m d f |
| 007 |
cr bn mmmapmmp |
| 008 |
090922s1974 dcua o f000 0 eng d |
| 005 |
20260504205412.4 |
| 035 |
|
|
|a cis2007438971
|
| 040 |
|
|
|a UMI
|c UMI
|d UtOrBLW
|
| 043 |
|
|
|a n-us---
|
| 074 |
|
|
|a 1040<EM>1041
|
| 086 |
0 |
|
|a Y 4.C 73/2:93-80
|
| 099 |
|
|
|a HRG-1974-COM-0046
|
| 110 |
1 |
|
|a United States.
|b Congress.
|b Senate.
|b Committee on Commerce.
|b Special Subcommittee on Science, Technology, and Commerce.
|
| 245 |
1 |
0 |
|a Solar Home Heating And Cooling Demonstration Act of 1973 :
|b joint hearings before the Special Subcommittee on Science, Technology, and Commerce of the Committee on Commerce and the Committee on Interior and Insular Affairs, United States Senate, Ninety-Third Congress, second session, on S. 2650 ... H.R. 11864... March 29 and April 5, 1974.
|
| 264 |
|
1 |
|a Washington :
|b U.S. G.P.O.,
|c 1974.
|
| 300 |
|
|
|a 1 online resource.
|
| 336 |
|
|
|a text
|b txt
|2 rdacontent
|
| 337 |
|
|
|a computer
|b c
|2 rdamedia
|
| 338 |
|
|
|a online resource
|b cr
|2 rdacarrier
|
| 520 |
|
|
|a Considers S. 2650, H.R. 11864.
|
| 538 |
|
|
|a System requirements: PDF reader software.
|
| 500 |
|
|
|a Electronic resource.
|
| 650 |
|
0 |
|a Solar energy
|x Law and legislation
|z United States.
|
| 650 |
|
0 |
|a Solar heating
|x Law and legislation
|z United States.
|
| 650 |
|
0 |
|a Solar air conditioning
|x Law and legislation
|z United States.
|
| 655 |
|
7 |
|a Electronic books.
|2 local
|
| 710 |
2 |
|
|a ProQuest (Firm)
|
| 710 |
1 |
|
|a United States.
|b Congress.
|b Senate.
|b Committee on Interior and Insular Affairs.
|
| 776 |
0 |
8 |
|i Print version:
|a United States. Congress. Senate. Committee on Commerce. Special Subcommittee on Science, Technology, and Commerce.
|t Solar Home Heating And Cooling Demonstration Act of 1973
|
| 776 |
0 |
8 |
|i Microfiche version:
|a United States. Congress. Senate. Committee on Commerce. Special Subcommittee on Science, Technology, and Commerce.
|t Solar Home Heating And Cooling Demonstration Act of 1973.
|d [Bethesda, Md.] : ProQuest,[2004]
|o CIS 74 S261-54
|w (ProQuest)cis07400863
|
| 830 |
|
0 |
|a U.S. Congressional Hearings.
|
| 856 |
4 |
0 |
|u http://proxy.library.tamu.edu/login?url=https://congressional.proquest.com/congcomp/getdoc?HEARING-ID=HRG-1974-COM-0046
|z Connect to the full text of this electronic book
|t 0
|
| 998 |
|
|
|a cis07400863
|
| 999 |
|
|
|a MARS
|
| 999 |
f |
f |
|s b0e23f2c-4223-3b74-a92a-d04fa93201f6
|i 52321ee7-91bf-3eb9-88cb-354b6990a1bd
|t 0
|
| 952 |
f |
f |
|a Texas A&M University
|b College Station
|c Electronic Resources
|s www_evans
|d Available Online
|t 0
|e HRG-1974-COM-0046
|h Other scheme
|
| 998 |
f |
f |
|a HRG-1974-COM-0046
|t 0
|l Available Online
|